000 00376nam a2200157Ia 4500
005 20250508160327.0
008 008 250505s9999 xx 000 0 eng d
037 _aPeriodicals
040 _aFEDL
_beng
_cFEDL
041 _aeng
_2eng
084 _qFEDL
245 0 _aSchool of education bulletin Vols.
490 _vVol. 23
942 _cCR
999 _c1363708
_d1363708